000 00673nam a2200289Ia 4500
005 20260401125918.0
008 008 300114s9999 xx 000 0 eng d
020 _a9780133124378
037 _aEBOOK
040 _aCRL
040 _beng
040 _cCRL
041 _2eng
041 _aeng
084 _qCRL
100 _aShaw 
245 0 _aLearn C the Hard Way, 1e
250 _a1
260 _bPearson
260 _c2018
365 _b40810
650 _aFOT (Computer Sciene)
_91233944
856 _uhttps://admin.elibrary.in.pearson.com/api/1.0/org/24122025/launchlibrary
942 _cEBOOK
999 _c1847932
_d1847932